ბათუმის შოთა რუსთაველის სახელმწიფო უნივერსიტეტის ბიბლიოთეკა

Определитель вредных и полезных насекомых и клещей плодовых и ягодных культур в СССР (ბიბ.ჩანაწერი № 46413)

000 -LEADER
fixed length control field 00772nam a2200193Ia 4500
001 - CONTROL NUMBER
control field 13249
003 - CONTROL NUMBER IDENTIFIER
control field GE_BSU
008 - FIXED-LENGTH DATA ELEMENTS--GENERAL INFORMATION
fixed length control field 181216s||||||||xx |||||||||||||| ||und||
040 ## - CATALOGING SOURCE
Transcribing agency GE_BSU
080 ## - UNIVERSAL DECIMAL CLASSIFICATION NUMBER
Universal Decimal Classification number 632
100 ## - MAIN ENTRY--PERSONAL NAME
Personal name Великань, В.С. Гегечкори А.М. голуб,В.Б. и др.
245 ## - TITLE STATEMENT
Title Определитель вредных и полезных насекомых и клещей плодовых и ягодных культур в СССР
260 ## - PUBLICATION, DISTRIBUTION, ETC.
Place of publication, distribution, etc. Ленинград
260 ## - PUBLICATION, DISTRIBUTION, ETC.
Name of publisher, distributor, etc. Колос
260 ## - PUBLICATION, DISTRIBUTION, ETC.
Date of publication, distribution, etc. 1984
300 ## - PHYSICAL DESCRIPTION
Extent 288стр.илл.20см..
653 ## - INDEX TERM--UNCONTROLLED
Uncontrolled term Определитель вредных и полезных насекомых и клещей плодовых и ягодных культур в СССР
942 ## - ADDED ENTRY ELEMENTS (KOHA)
Koha item type წიგნი
ეგზემპლარები
Withdrawn status Lost status Damaged status Not for loan Date acquired Barcode Date last seen Price effective from Koha item type
        2018-12-17 20899 2018-12-17 2018-12-17 წიგნი
        2018-12-17 20779 2018-12-17 2018-12-17 წიგნი
        2018-12-17 20780 2018-12-17 2018-12-17 წიგნი